Pressure - Paramore - Statistics

General Stats
  • This quiz has been taken 3 times
  • The average score is 130 of 197
Answer Stats
Hint Answer % Correct
pressure
100%
again
67%
all
67%
alone
67%
and
67%
asleep
67%
awake
67%
away
67%
better
67%
can
67%
carried
67%
closer
67%
days
67%
don't
67%
else
67%
empty
67%
fall
67%
fear
67%
feel
67%
feeling
67%
for
67%
from
67%
getting
67%
go
67%
home
67%
hope
67%
I
67%
if
67%
I'll
67%
i'm
67%
it
67%
it's
67%
know
67%
let
67%
lie
67%
losing
67%
me
67%
might
67%
never
67%
nothing
67%
now
67%
Verse 2 Now
67%
of
67%
off
67%
show
67%
sitting
67%
Bridge | Pre-Chorus Some
67%
some
67%
spent
67%
take
67%
Verse 1 Tell
67%
that
67%
the
67%
them
67%
there's
67%
things
67%
time
67%
to
67%
was
67%
we
67%
well
67%
went
67%
we're
67%
where
67%
without
67%
(without
67%
you
67%
you)
67%
you're
67%
break
33%
but
33%
can't
33%
Pre-Chorus 'Cause
33%
had
33%
just
33%
our
33%
tonight
33%
No matching quizzes found
Score Distribution
Percent of People with Each Score
Percentile by Number Answered
Your Score History
You have not taken this quiz